00518nam a22001937a 450000500170000001000110001702000100002803500110003803700160004904000120006508200200007710000230009724500730012026000420019327000160023530000200025165000280027165000250029920170124105958.0 a294882 c00.00 a294882 bCen Lib/Ret aDPLbEN a301.350954bKHA aKhanna, Rattan Lal aPanchayat raj in India :cby Rattan Lal Khanna bcomparative study / aChandigarh bEnglish Book Shop c1956 bChandigarh  a282p.c18cm(Hb) aPanachayat raj zIndia  aPanchayat raj report